| 000 | 00870nam a2200241 i 4500 | ||
|---|---|---|---|
| 001 | 000041800 | ||
| 003 | DO-SdBNP | ||
| 005 | 20250317140023.0 | ||
| 007 | ta | ||
| 008 | 131017s2003 dr a r 000 0 spa d | ||
| 040 |
_aDO-SdBNP _bspa _cBNPHU _erda |
||
| 082 | 4 |
_axxx _bM475d _222 |
|
| 100 | 1 |
_aMaza Miguel, Manuel Pablo, _eautor _4aut. _968665 |
|
| 245 | 1 | 0 |
_aDesplegando la vela : _bapuntes sobre las anotaciones y el principio y fundamento de los ejercicios espirituales de San Ignacio de Loyola / _cManuel Pablo Maza Miguel. |
| 264 | 1 |
_aSanto Domingo : _bEditora Comunidades de Vida Cristiana, _c2003. |
|
| 300 |
_a103 páginas : _bilustraciones ; _c22 cm. |
||
| 336 |
_atexto _btxt _2rdacontent |
||
| 337 |
_asin mediación _bn _2rdamedia |
||
| 338 |
_avolumen _bnc _2rdacarrier |
||
| 490 | _aColección Apuntes | ||
| 590 | _aInventariado, 2018/BT | ||
| 942 |
_2ddc _cLBS1 |
||
| 999 |
_c41289 _d41289 |
||